000 00380nam a2200133Ia 4500
008 180523s9999 xx 000 0 und d
020 _a9789813156784
100 _aSobecki, Dave
245 _cDave Sobecki.
_aMath in our world /
250 _a4th ed
260 _aNew York:
_bMcGraw-Hill Education
_c2019
300 _axxvi, 841 pages :
_billustrations ;
650 _aMathematics.
999 _c357909
_d357909